000
00301nam a22001217a 4500
008
180519b xxu||||| |||| 00| 0 eng d
041
_a
eng
080
_a
043.3
100
_a
0
101
_a
SHKI-MA
245
_a
Siguria e rrjetave WLAN dhe aplikimi i tij ne ndermarrje
_c
Krelani, V
942
_2
udc
_c
BK
999
_c
46056
_d
46056